Mathematics for electronics / (Record no. 186595)
[ view plain ]
| 000 -LEADER | |
|---|---|
| fixed length control field | 01163 a2200193 4500 |
| 003 - CONTROL NUMBER IDENTIFIER | |
| control field | Nust |
| 005 - DATE AND TIME OF LATEST TRANSACTION | |
| control field | 20170207153444.0 |
| 010 ## - LIBRARY OF CONGRESS CONTROL NUMBER | |
| LC control number | 75031921 |
| 020 ## - INTERNATIONAL STANDARD BOOK NUMBER | |
| International Standard Book Number | 0135626293 |
| 040 ## - CATALOGING SOURCE | |
| Transcribing agency | Nust |
| 082 00 - DEWEY DECIMAL CLASSIFICATION NUMBER | |
| Classification number | 510.2462138 |
| 100 1# - MAIN ENTRY--PERSONAL NAME | |
| Personal name | Thomson, Charles M. |
| 245 10 - TITLE STATEMENT | |
| Title | Mathematics for electronics / |
| Statement of responsibility, etc. | Charles M. Thomson. |
| 260 ## - PUBLICATION, DISTRIBUTION, ETC. | |
| Place of publication, distribution, etc. | Englewood Cliffs, N.J. : |
| Name of publisher, distributor, etc. | Prentice-Hall, |
| Date of publication, distribution, etc. | 1976. |
| 300 ## - PHYSICAL DESCRIPTION | |
| Extent | xx, 634 p. : |
| Other physical details | ill. ; |
| Dimensions | 24 cm. |
| 500 ## - GENERAL NOTE | |
| General note | Includes index. |
| 505 ## - FORMATTED CONTENTS NOTE | |
| Formatted contents note | Introduction (Page-1) Algebraic Procedures (Page-6) Operations with sign numbers (Page-15) Operations involving algebraic (Page-28) Equations and formulas (Page-37) Scientific notation, measurements and units (Page-52) Resistance (Page-66) Series Circuit (Page-80) Parallel Circuit (Page-94) Algebraic Products and Factoring (Page-118) Fractions and fractional Equations (Page-131) Voltage dividers (Page-147) Measurement of current (Page-160) Measurement of voltage (Page-172) Measurement of resistance (Page-179) Batteries (Page-189) Function and Graphs (Page-198) Simultaneous Equations (Page-220) Determinates (Page-240) Exponents and Radicals (Page-252) |
| 650 #0 - SUBJECT ADDED ENTRY--TOPICAL TERM | |
| Topical term or geographic name entry element | Electronics |
| General subdivision | Mathematics. |
| 942 ## - ADDED ENTRY ELEMENTS (KOHA) | |
| Source of classification or shelving scheme | |
| Koha item type | Book |
| Withdrawn status | Lost status | Source of classification or shelving scheme | Damaged status | Not for loan | Collection code | Permanent Location | Current Location | Date acquired | Total Checkouts | Full call number | Barcode | Date last seen | Price effective from | Koha item type |
|---|---|---|---|---|---|---|---|---|---|---|---|---|---|---|
| Military College of Signals (MCS) | Military College of Signals (MCS) | 12/12/2016 | 510.2462138 THO | MCS7182 | 12/08/2016 | 12/12/2016 | Book | |||||||
| Military College of Signals (MCS) | Military College of Signals (MCS) | 12/12/2016 | 510.2462138 THO | MCS7184 | 12/08/2016 | 12/12/2016 | Book |
